Wird geladen...
Froidintte kadha. /
| 1. Verfasser: | |
|---|---|
| Format: | Printed Book |
| Sprache: | Malayalam |
| Veröffentlicht: |
1979.
|
| LEADER | 00359nam a2200109Ia 4500 | ||
|---|---|---|---|
| 008 | 150624b ii ||||| |||| 00| 0 mal d | ||
| 100 | |a Sebastian Puthuveedu. | ||
| 245 | |a Froidintte kadha. / | ||
| 260 | |c 1979. | ||
| 942 | |c BK | ||
| 999 | |c 62263 |d 62263 | ||
| 952 | |0 0 |1 0 |4 0 |6 150_195209240000000_SEB_F_M |7 0 |9 62240 |a UL |b UL |c ST1 |d 2012-10-27 |l 0 |o 150.19520924 SEB/F M |p G1274 |r 2012-10-27 |y BK | ||